| 000 | 00771nam a22001935i 4500 | ||
|---|---|---|---|
| 001 | 165162 | ||
| 003 | ES-MaACL | ||
| 005 | 20251014063240.0 | ||
| 008 | 000214s1884 sp |||| | spa d | ||
| 040 |
_aCAM _bspa _cCAM |
||
| 100 | 1 |
_aSellés, Eugenio, _d1842-1926 _9145933 |
|
| 245 | 1 | 4 |
_aLas vengadoras _b: drama en tres actos y en prosa / _coriginal de Eugenio Sellés. |
| 260 |
_aMadrid : _b[Administración lírico-dramática], _c1884 ( _fTipografía de Gregorio Estrada) |
||
| 300 |
_a75 p. ; _c20 cm. |
||
| 500 | _aRepresentado por primera vez en Madrid, en el teatro de la Comedia el 10 de marzo de 1884. | ||
| 596 | _aEd. tomado de la cub. | ||
| 852 |
_aES-MaACL _jT-415-F-15 _z-- Enc. hol. _z-- Enc. en un vol. facticio |
||
| 999 |
_c165162 _d165162 |
||